Elements of human and social geography : some anthropological perspectives
Αποθηκεύτηκε σε:
| Κύριος συγγραφέας: | |
|---|---|
| Μορφή: | Βιβλίο |
| Γλώσσα: | English |
| Δημοσίευση: |
Oxford :
Pergamon Press,
[1973]
|
| Σειρά: | Commonwealth and international library
Pergamon Oxford geographies |
| Θέματα: | |
| Ετικέτες: |
Προσθήκη ετικέτας
Δεν υπάρχουν, Καταχωρήστε ετικέτα πρώτοι!
|
MARC
| LEADER | 00000cam a2200000 i 4500 | ||
|---|---|---|---|
| 001 | 1/6445 | ||
| 008 | 960705s1973 eng d | ||
| 020 | |a 0-08-017689-5 | ||
| 035 | |l 10016355 | ||
| 040 | |a GR-MY-UA |b gre |e aacr | ||
| 041 | 0 | |a eng | |
| 082 | 0 | |a 301.2 | |
| 100 | 1 | |a Sunderland, E. |q (Eric) | |
| 245 | 1 | 0 | |a Elements of human and social geography : |b some anthropological perspectives / |c Eric Sunderland |
| 260 | |a Oxford : |b Pergamon Press, |c [1973] | ||
| 300 | |a xii, 107 p; |b ill.; |c 21 cm | ||
| 490 | 1 | |a Commonwealth and international library | |
| 490 | 1 | |a Pergamon Oxford geographies | |
| 504 | |a Includes bibliographical references | ||
| 650 | 0 | 0 | |a Anthropology. |
| 830 | 0 | |a Commonwealth and international library | |
| 830 | 0 | |a Pergamon Oxford geographies | |
| 852 | |a INST |b LESVOS |e 19960705 |h 301.2 SUN |p 005100009656 |q 005100009656 |t BK |y 0 | ||
| 909 | |a Λ |b 008009 | ||